| 000 | 00674nam a2200241 a 4500 | ||
|---|---|---|---|
| 008 | |||
| 020 | _a0256087024 (cased) | ||
| 049 | _aMAIN | ||
| 090 | _aHD31 | ||
| 100 | _aRue, Leslie W. | ||
| 245 |
_aManagement skills and application / _cLeslie W. Rue and Lloyd L. Byars. |
||
| 250 | _a6th ed. | ||
| 260 |
_aHomewood, Il. : _bill. ; _c26 cm. |
||
| 300 |
_axvi, 576 p. : _bill. (some col.) ; _c26 cm. |
||
| 500 | _aIncludes index. | ||
| 650 | _aManagement. | ||
| 700 | _aByars, Lloyd L. | ||
| 907 |
_a.b10092730 _b10-01-04 _c19-11-03 |
||
| 003 | |||
| 005 | 20230123133450.0 | ||
| 040 | _cNUST | ||
| 942 |
_cBOOKS _kHD31 |
||
| 999 |
_c149074 _d149074 |
||